000 00300nam a22001337a 4500
008 171021b xxu||||| |||| 00| 0 eng d
020 _a9780231159708
041 _aeng
080 _a658
100 _a54
101 _aLID
245 _aTHE NEW ECOLOGY OF LEADERSHIP
_cHURST, D.K
942 _2udc
_cBK
999 _c35312
_d35312